00478nam a22001337a 450000500170000000800410001704100130005808200140007110000260008524501250011126000510023630000310028765000260031820231106085320.0231106b |||||||| |||| 00| 0 eng d aEnglish  a346.6 BRI aBritzuis, OlEnglish  aStatutory Duties of Directors of Limited Companies : bUnder the Companies Act, No 46 of 1926, as Amended /cO Britzius  aCape Town : bJuta and Company Limited, c1954 bviii, 78 pages ; c23 cm.  aLegal practice bLaw